Postavenie USA v súčasných medzinárodných vzťahoch (vzťahy USA a KĽDR) bakalárska práca

Guardado en:
Detalles Bibliográficos
Autor principal: Matláková, Viktória
Autor Corporativo: Fakulta medzinárodných vzťahov EU. Katedra medzinárodných politických vzťahov
Otros Autores: Kucharčík, Rudolf, 1977-
Formato: Libro
Lenguaje:eslovaco
Publicado: Bratislava 2018
Etiquetas: Agregar Etiqueta
Sin Etiquetas, Sea el primero en etiquetar este registro!

MARC

LEADER 00000nbm a2200000 4500
001 0244564
005 20180802080010.6
041 0 |a slo 
044 |a SK 
245 1 0 |a Postavenie USA v súčasných medzinárodných vzťahoch (vzťahy USA a KĽDR)  |b bakalárska práca  |c Viktória Matláková ; školiteľ: Rudolf Kucharčík 
264 1 |a Bratislava  |c 2018 
300 |a 47 s. 
100 1 |a Matláková, Viktória 
700 1 |a Kucharčík, Rudolf, 1977- 
710 2 |a Fakulta medzinárodných vzťahov EU. Katedra medzinárodných politických vzťahov